[Event "18. Torneo Ciudad de Albacete 2010"]
[Site "Albacete ESP"]
[Date "2010.09.18"]
[Round "8.16"]
[White "Minguez Saez, Bienvenido"]
[Black "Aroca Villalba, Miguel"]
[Result "1/2-1/2"]
[WhiteElo "1500"]
[BlackElo "1982"]
[PlyCount "140"]
[EventDate "2010.09.14"]
[EventType "swiss"]
[EventRounds "9"]
[EventCountry "ESP"]
[Source "lmi"]
[SourceDate "2010.09.14"]

1. e4 e6 2. d4 d5 3. exd5 exd5 4. Bd3 Nf6 5. Ne2 Bd6 6. Bg5 O-O 7. Nd2 Bg4 8.
f3 Bh5 9. Nf1 Re8 10. Nfg3 Bg6 11. Bxg6 fxg6 12. Qd3 c6 13. c4 Qa5+ 14. Kf2
dxc4 15. Qxc4+ Qd5 16. Qxd5+ Nxd5 17. Rhe1 Nd7 18. Nc3 Nb4 19. Rad1 Rxe1 20.
Kxe1 h6 21. Be3 Re8 22. Nce4 Bb8 23. a3 Nc2+ 24. Ke2 Nxe3 25. Kxe3 Nf6 26. Kd3
Nd5 27. Re1 Kf7 28. Ne2 Re7 29. g3 g5 30. N2c3 Nb6 31. Re2 Nd7 32. b4 b5 33. a4
a6 34. a5 Ba7 35. Nd6+ Kf8 36. Rxe7 Kxe7 37. Nc8+ Kd8 38. Nxa7 Kc7 39. d5 cxd5
40. Nxd5+ Kb7 41. Nb6 Nb8 42. Nac8 Nc6 43. Nd6+ Kc7 44. Ne8+ Kd8 45. Nxg7 Nxb4+
46. Kc3 Nc6 47. Ne6+ Ke7 48. Nc7 b4+ 49. Kd3 Kd6 50. Nxa6 Ne5+ 51. Ke3 b3 52.
Na4 Nc4+ 53. Kd4 b2 54. Nc3 Nd2 55. f4 gxf4 56. gxf4 Nb3+ 57. Kd3 Nxa5 58. Kc2
Nc4 59. Kb3 Nd2+ 60. Kxb2 Nf3 61. Ne4+ Ke6 62. h3 Kf5 63. Nac5 Kxf4 64. Nf2 h5
65. Nce4 h4 66. Kc3 Ng1 67. Kd3 Kf3 68. Kd4 Kg2 69. Ke3 Nxh3 70. Nxh3 Kxh3
1/2-1/2

[Event "18. Torneo Ciudad de Albacete 2010"]
[Site "Albacete ESP"]
[Date "2010.09.18"]
[Round "8.19"]
[White "Boj Marques, Javier"]
[Black "Saez Gabikagogeaskoa, Oscar"]
[Result "1-0"]
[WhiteElo "1917"]
[BlackElo "1961"]
[PlyCount "190"]
[EventDate "2010.09.14"]
[EventType "swiss"]
[EventRounds "9"]
[EventCountry "ESP"]
[Source "lmi"]
[SourceDate "2010.09.14"]

1. e4 c5 2. Nf3 Nc6 3. d4 cxd4 4. Nxd4 Nf6 5. Nc3 e5 6. Ndb5 d6 7. Nd5 Nxd5 8.
exd5 Nb8 9. c4 Be7 10. Be2 O-O 11. Be3 a6 12. Nc3 f5 13. f4 Nd7 14. Qd2 Bh4+
15. g3 Bf6 16. Rc1 exf4 17. Bxf4 Ne5 18. O-O Ng6 19. Be3 f4 20. gxf4 Bh3 21.
Rfd1 Bxc3 22. Rxc3 Qh4 23. Bf2 Qxf4 24. Qxf4 Nxf4 25. Bf1 Bxf1 26. Kxf1 Rf7 27.
Rd2 Raf8 28. Kg1 Re8 29. Be3 Ng6 30. b4 Rf3 31. Rdd3 Re4 32. Bf2 Rxd3 33. Rxd3
Ne5 34. Rd1 Nxc4 35. Rd4 Rxd4 36. Bxd4 b5 37. Kf2 Kf7 38. Kg3 g6 39. Kf4 h6 40.
h4 Nd2 41. Bc3 Nc4 42. Ke4 Nb6 43. Bd2 h5 44. Bg5 Na4 45. Kd4 Nb2 46. Bf4 Ke7
47. Bg5+ Kd7 48. Kc3 Na4+ 49. Kd4 Nb6 50. Ke4 Nc8 51. Bf6 Ne7 52. Bg5 Nf5 53.
Bf6 Nh6 54. Bg5 Nf7 55. Bf6 Kc7 56. Kf4 Kd7 57. Ke4 Ke8 58. Kf4 Kf8 59. Ke4 Nh6
60. Bg5 Ng4 61. Bd8 Kf7 62. Bg5 Ne5 63. Bf4 Nc4 64. Bg5 a5 65. bxa5 Nxa5 66.
Kd4 Nc4 67. Kc3 Nb6 68. Kb4 Nxd5+ 69. Kxb5 Nc3+ 70. Kc4 Ne4 71. Bd8 Ke6 72. a4
d5+ 73. Kd4 Nd6 74. Bg5 Nb7 75. Bd2 Nd6 76. a5 Nc8 77. Kc5 Na7 78. Kb6 Nc8+ 79.
Kc7 Na7 80. Kb6 Nc8+ 81. Kc7 Na7 82. Be3 d4 83. Bxd4 Nb5+ 84. Kb6 Nxd4 85. a6
Nf5 86. a7 Nxh4 87. a8=Q Kf5 88. Kc5 Kg5 89. Kd4 Nf5+ 90. Ke4 h4 91. Qd8+ Kg4
92. Qd1+ Kg5 93. Kf3 Ng3 94. Qd5+ Nf5 95. Qd8+ Kh5 1-0